| 000 | 00455cam a2200181ua 4500 | ||
|---|---|---|---|
| 020 | _a0 85226 901 3 | ||
| 041 |
_aeng _h |
||
| 082 |
_a637.14 _bWAR/PR |
||
| 100 | _aWarner, James N . | ||
| 245 |
_aPrinciples of dairy processing / _cJames N Warner. _hTextual Documents |
||
| 250 |
_a1 / _b. |
||
| 260 |
_aNew Delhi : _bWiley Eastern Ltd , _c1976. |
||
| 300 | _a317 ; . | ||
| 504 | _a | ||
| 942 | _cBK | ||
| 999 |
_c8759 _d8759 |
||